000 00763nam a22002297a 4500
003 OSt
005 20260512153153.0
008 260512b |||||||| |||| 00| 0 eng d
020 _a9780141376820
040 _aKenya National Library Service
082 _a823.914 MUR
100 _aMurphy, Jill,
_eauthor.
245 _aThe Worst witch strikes again /
_cJill Murphy.
300 _a85 pages :
_billustrations ;
_c20 cm.
490 _aThe Worst witch,
_v2.
520 _aMildred Hubble returns to Miss Cackle's Academy for Witches where more magical mishaps and school adventures await.
650 _aHumorous stories.
650 _aMagic
_vJuvenile fiction.
942 _2ddc
_cBK
_n0
999 _c492729
_d492729